Hot Hot Movies! Quiz Stats

 Plays Quiz Updated Sep 23, 2014

Also try: Tattoos in Movies
Challenge
Share
Tweet
Score 0/20 Timer 08:00
0 Plays Today
% Correct
Back to the Future
97.2%
Home Alone
95.5%
Mrs. Doubtfire
92.2%
Cast Away
91.9%
Catching Fire
89.1%
Die Hard
86.4%
Shrek
80.1%
Indiana Jones and the Last Crusade
75.2%
Dumb and Dumber
74.7%
Ghost Rider
73.2%
% Correct
Fantastic Four
71.6%
Freddy vs. Jason
69%
Stand by Me
67.2%
Terminator 2: Judgment Day
59.5%
The Towering Inferno
44%
The Sandlot
39.4%
Ladder 49
38.8%
Gone with the Wind
37.8%
Mission: Impossible II
33.9%
Skyfall
25.5%

You're not logged in!

Compare scores with friends on all Sporcle quizzes.
Join for Free
OR
Log In

You Might Also Like...

Show Comments

Extras

Top Quizzes Today


Score Distribution

Your Account Isn't Verified!

In order to create a playlist on Sporcle, you need to verify the email address you used during registration. Go to your Sporcle Settings to finish the process.

Report this User

Report this user for behavior that violates our Community Guidelines.

Details: